00493nam a2200169Ia 450000500170000000800410001702000150005808200210007310000340009424500590012826000520018726000350023930000120027465000110028665000160029765000100031320250115033548.0240331s9999 xx 000 0 und d a9068327283 bGEN21954a305.3 aGender, Society & Development 0aGender and ICT's for Development:bA Global Sourcebook aAmsterdambKIT (Royal Tropical Institute)c2005 aOxfordbOxfam Publishingc2005 a143 p., aGender aDevelopment aWomen